[Event "RUS-chT Premier League Women 2018"]
[Site "Sochi"]
[Date "2018.05.07"]
[Round "6"]
[White "Azimova, Karina"]
[Black "Styazhkina, Anna"]
[Result "1/2-1/2"]
[WhiteElo "2059"]
[BlackElo "2299"]
[Annotator "NA"]
[PlyCount "81"]
[EventDate "2018.??.??"]
[EventCountry "RUS"]
[SourceTitle "playchess.com"]
[Source "ChessBase"]
[SourceQuality "1"]
[TimeControl "40/5400+30:1800+30"]

1. e4 {[%emt 0:00:00]} e5 {[%emt 0:00:05]} 2. Nf3 {[%emt 0:00:00]} Nc6 {[%emt 0:00:08]} 3. Nc3 {[%emt 0:00:00]} Nf6 {[%emt 0:00:12]} 4. Bb5 {[%emt 0:00:00]} Bb4 {[%emt 0:00:29] LiveBook: 2001 Games} 5. O-O {[%emt 0:00:06]} O-O {[%emt 0:00:11]} 6. Bxc6 {[%emt 0:00:19]} dxc6 {[%emt 0:02:16]} 7. Nxe5 {[%emt 0:00:39]} Bxc3 {[%emt 0:01:35] C49: Four Knights: 4 Bb5 Bb4} (7... Re8 8. Nd3 Bxc3 9. dxc3 Nxe4 10. Bf4 Ng5 11. Re1 Ne6 12. Bg3 b6 13. Nf4 Nxf4 14. Bxf4 Qxd1 15. Raxd1 Bf5 16. Rxe8+ Rxe8 17. Bxc7 Bxc2 {½-½ (30) Lin,C (2475)-Wen,Y (2613) China 2017}) 8. dxc3 {[%emt 0:00:04]} Nxe4 {[%emt 0:01:21]} 9. Bf4 {[%emt 0:00:25]} Qf6 {[%emt 0:05:28]} 10. Nd3 {[%emt 0:04:07]} Nd6 {[%emt 0:03:29]} 11. Qh5 $146 {[%emt 0:06:48]} ({Predecessor:} 11. Re1 Bf5 12. Qf3 Rfe8 {½-½ (12) Aronin,L-Zhukhovitsky,S Tbilisi (Georgia) 1957}) 11... b6 {[%emt 0:07:20]} 12. Rfe1 {[%emt 0:08:34]} Be6 {[%emt 0:09:38]} 13. Be5 {[%emt 0:16:33]} Qg6 {[%emt 0:04:47]} 14. Qxg6 {[%emt 0:06:58]} hxg6 {[%emt 0:00:08]} 15. Nb4 {[%emt 0:04:55]} Nc4 {[%emt 0:20:50]} 16. Nxc6 {[%emt 0:12:22]} Rfe8 {[%emt 0:02:35]} 17. b3 {[%emt 0:11:12]} Na3 {[%emt 0:03:18]} 18. Nd4 {[%emt 0:08:05]} c5 {[%emt 0:00:56]} 19. Nxe6 {[%emt 0:00:07]} Rxe6 $14 {[%emt 0:00:09]} 20. Bf4 {[%emt 0:01:41]} Rae8 {[%emt 0:03:48]} 21. Kf1 {[%emt 0:00:44]} Nxc2 {[%emt 0:06:09]} 22. Rxe6 {[%emt 0:00:07]} Rxe6 {[%emt 0:00:11]} 23. Rc1 {[%emt 0:01:13]} Na3 {[%emt 0:00:41]} 24. c4 {[%emt 0:00:22]} f6 {[%emt 0:10:33]} 25. Bd2 {[%emt 0:02:51]} Rd6 {[%emt 0:12:18]} 26. Bc3 {[%emt 0:00:44]} b5 {[%emt 0:00:09]} 27. Bb2 {[%emt 0:07:31]} Ra6 {[%emt 0:03:18]} 28. cxb5 {[%emt 0:02:29]} Nxb5 {[%emt 0:00:16]} 29. Rxc5 {[%emt 0:02:07]} Rxa2 {[%emt 0:01:17]} 30. Rxb5 {[%emt 0:01:51]} Rxb2 {[%emt 0:00:09]} 31. Ra5 {[%emt 0:00:11]} Rxb3 {[%emt 0:00:09]} 32. Rxa7 {[%emt 0:00:04]} Rb2 {[%emt 0:00:15]} 33. h4 {[%emt 0:00:52]} Rb1+ {[%emt 0:00:51]} 34. Ke2 {[%emt 0:00:01]} Rb2+ {[%emt 0:00:06]} 35. Kf1 {[%emt 0:00:01]} Rb1+ {[%emt 0:00:06]} 36. Ke2 {[%emt 0:00:01]} Rb2+ {[%emt 0:00:07]} 37. Kf1 {[%emt 0:00:01]} Rb1+ {[%emt 0:00:12]} 38. Ke2 {[%emt 0:00:01]} Rb2+ {[%emt 0:00:04]} 39. Kf1 {[%emt 0:00:01]} Rb1+ {[%emt 0:00:06]} 40. Ke2 {[%emt 0:00:00]} Rb2+ {[%emt 0:00:07]} 41. Kf1 1/2-1/2

[Event "RUS-chT Premier League Women 2018"]
[Site "Sochi"]
[Date "2018.05.09"]
[Round "8"]
[White "Girya, Olga"]
[Black "Grigorieva, Yulia"]
[Result "1-0"]
[WhiteElo "2465"]
[BlackElo "1969"]
[Annotator "TA"]
[PlyCount "119"]
[EventDate "2018.??.??"]
[EventCountry "RUS"]
[SourceTitle "playchess.com"]
[Source "ChessBase"]
[SourceQuality "1"]

{[%evp 16,119,40,12,11,13,17,4,4,6,17,10,28,20,20,18,30,6,106,109,80,70,106,40,32,3,102,109,109,108,103,110,151,150,143,139,160,137,139,149,138,82,84,83,137,137,132,140,184,175,230,227,227,227,216,219,291,303,315,320,333,332,319,317,410,368,440,296,305,291,294,290,300,292,275,278,280,275,503,339,313,237,241,220,211,192,321,104,977,917,966,814,975,960,912,911,8811,6554,5800,2636,1981,1810,1436,1295,12839,12839]} 1. d4 Nf6 {[%cal Bg8f6,Bf6h5,Bh5g7,Bg7f5][%mdl 32]} 2. Nf3 g6 3. Bf4 d6 4. e3 Nh5 5. Bg5 h6 6. Bh4 {A48: 1 d4 Nf6 2 Nf3 g6: Torre, London and Colle Systems} g5 7. Nfd2 Ng7 8. Bg3 Nf5 9. Be2 {LiveBook: 3 Games} (9. c3 Bg7 10. Bd3 e6 11. Na3 Nd7 12. Qf3 Nxg3 13. hxg3 {½-½ (53) Le,Q (2739)-Kasparov,G (2812) Saint Louis 2017}) 9... Bg7 10. c3 Nd7 11. e4 Nxg3 12. hxg3 $146 ({Predecessor:} 12. fxg3 c5 13. d5 {0-1 (44) Weise,M (2171)-Jankovic,A (2562) Germany 2013}) 12... c5 13. d5 O-O 14. Nf1 Nf6 15. Nbd2 e6 16. dxe6 fxe6 (16... Bxe6 $11 17. Ne3 Re8) 17. Ne3 $16 Bd7 18. Bf3 Bc6 19. Qb3 (19. Qc2 $16) 19... Qd7 20. a4 Qf7 {[#]} (20... Rad8 $11 {remains equal.}) 21. e5 $1 {[%cal Re5f6][%mdl 512]} dxe5 22. Bxc6 bxc6 23. O-O e4 24. Qc4 Rab8 25. Rab1 Nd5 26. Nxe4 Qg6 27. Nxc5 Rf7 28. Qe4 (28. Ne4 $142) 28... Qxe4 29. Nxe4 Rfb7 {[#]} (29... Nxe3 $142 30. fxe3 Rf5) 30. Nd1 $1 Bf8 31. Ra1 a5 32. Nd2 Be7 (32... Bd6 $142 33. Nc4 Bc7) 33. Nc4 Bd8 34. Re1 Re7 35. Nde3 Bb6 36. Ng4 Kg7 37. Nge5 Rc7 38. Re2 Re8 39. Rae1 h5 40. Nd3 Kf6 41. Re5 Rd7 42. Nxb6 Nxb6 43. Nc5 {[%cal Re5e6]} Rd2 44. Rxe6+ Rxe6 45. Rxe6+ $18 {[%mdl 4096] Endgame KRN-KRN} ({Weaker is} 45. Nxe6 Nxa4 46. b4 Ra2 $14) 45... Kf5 46. Rxc6 Rd1+ 47. Kh2 Nc4 {And now ...Ne5 would win.} 48. Nb3 Ne5 49. Rc5 Kf6 {( -> ...Ng4+)} 50. f3 g4 (50... Nd3 $142) 51. f4 $2 ({Much less strong is} 51. Nxa5 gxf3 52. gxf3 Rd2+ 53. Kh1 Nxf3 $18) (51. Rxa5 $18 {and White stays clearly on top. aiming for Rb5.} gxf3 52. gxf3) 51... Nf3+ $2 {[%mdl 8192]} (51... Nd3 $16 52. Rd5 (52. Rxa5 {is a self mate.} Nf2 53. Ra6+ Ke7 54. Ra7+ Kd8 55. Ra8+ Kc7 56. Ra7+ Kb6 57. Rb7+ Kxb7 58. Na5+ Kc8 59. f5 Rh1#) 52... Nf2 53. Rxd1 Nxd1 54. Nxa5 Nxb2) 52. gxf3 {White is clearly winning.} gxf3 53. Rxh5 {KRN-KR} f2 54. Nd2 $1 Rxd2 {KR-KR} 55. Kg2 Rxb2 56. Rxa5 Rc2 57. Rc5 Ke6 58. a5 Kd6 59. Rg5 Rxc3 60. Kxf2 {Precision: White = 71%, Black = 37%.} 1-0

[Event "RUS-chT Premier League Women 2018"]
[Site "Sochi"]
[Date "2018.05.09"]
[Round "8"]
[White "Kovalevskaya, Ekaterina"]
[Black "Trapeznikova, Darya"]
[Result "1-0"]
[WhiteElo "2397"]
[BlackElo "2087"]
[Annotator "TA"]
[PlyCount "99"]
[EventDate "2018.??.??"]
[EventCountry "RUS"]
[SourceTitle "playchess.com"]
[Source "ChessBase"]
[SourceQuality "1"]

{[%evp 15,99,25,38,23,47,42,54,42,50,30,103,102,102,102,91,86,89,67,93,68,147,66,296,304,305,299,222,144,141,141,137,137,105,91,93,100,216,220,227,226,232,110,118,0,228,225,231,232,225,223,266,247,357,314,387,399,402,314,344,358,352,342,434,412,423,416,425,422,499,502,495,494,475,463,553,537,508,506,507,550,527,503,706,562,1454,1403]} 1. e4 e5 2. Nf3 Nc6 3. Bc4 Bc5 4. c3 Nf6 5. d3 O-O 6. O-O d5 7. exd5 Nxd5 8. Nbd2 {[%cal Bb1d2,Bd2e4,Be4g3,Bg3f5,Bf5e3,Be3g4][%mdl 32] C54: Giuoco Piano: 4 c3 Nf6, main lines with 5 d4 and 5 d3} (8. a4 Bf5 9. Re1 Nb6 10. Bb5 Ne7 11. a5 c6 12. axb6 cxb5 13. Be3 axb6 14. Rxa8 Qxa8 15. Bxc5 bxc5 16. Rxe5 {½-½ (27) Mamedyarov,S (2804)-Kramnik,V (2787) Wijk aan Zee 2018}) 8... a6 {LiveBook: 8 Games} 9. Ne4 Be7 10. Re1 {White is slightly better.} Nb6 $146 ({Predecessor:} 10... Kh8 11. Ng3 Nb6 12. Bb3 f6 13. Qe2 Bd7 {½-½ (35) Ioffe,E (2029)-Plenca,J (2138) Trieste 2013}) 11. Bb3 $1 Bg4 12. Ng3 Qd7 (12... a5 $11 {remains equal.}) 13. h3 $16 Bxf3 14. Qxf3 Rad8 15. Nf5 Bf6 16. Be3 {Strongly threatening Nh6+!} Nd5 17. Rad1 Kh8 (17... Rfe8 $14) 18. Bc1 (18. Bc5 $16 Rfe8 19. d4) 18... g6 $2 ({Black should play} 18... Na5 $14) 19. Ne3 $18 Nf4 20. Ng4 Bg7 {[%cal Rf4d3]} 21. Bxf4 exf4 22. Qxf4 f5 23. Ne3 Na5 24. Bc2 c5 25. Nc4 Nc6 (25... Nxc4 $16 {was worth a try.} 26. Qxc4 (26. dxc4 Qc8 $16) 26... Rc8) 26. Nb6 Qd6 27. Qxd6 Rxd6 {[#]} 28. Nc4 (28. Na4 $1 $18 {is the precise move to win.}) 28... Rd7 29. Nb6 (29. Re6 $16) 29... Rd6 $1 {[#]} 30. Na4 $1 c4 31. dxc4 {[%cal Bd3c4,Bc4c5][%mdl 32]} Rxd1 32. Rxd1 Ne5 33. c5 h6 (33... Re8 $142 34. Nb6 Nc6) 34. Nb6 Re8 35. Ba4 Re7 36. Kf1 Kh7 37. f4 Nf7 38. Bb3 g5 39. Bxf7 Rxf7 40. fxg5 hxg5 {[%mdl 4096] Endgame KRB-KRN} 41. Rd7 {White is clearly winning.} Kg6 42. Rxf7 Kxf7 {KB-KN} 43. Ke2 Ke6 44. Kd3 Be5 45. Nc4 Bc7 46. b4 Bd8 47. a4 {[%cal Ba2a4,Ba4a5][%mdl 32]} Bc7 48. Kd4 Bd8 49. a5 Bc7 {[#]} 50. Nd6 $1 {Precision: White = 70%, Black = 34%.} 1-0

[Event "RUS-chT Premier League Women 2018"]
[Site "Sochi"]
[Date "2018.05.09"]
[Round "8"]
[White "Voit, Daria"]
[Black "Azimova, Karina"]
[Result "1-0"]
[WhiteElo "2382"]
[BlackElo "2059"]
[Annotator "TA"]
[PlyCount "117"]
[EventDate "2018.??.??"]
[EventCountry "RUS"]
[SourceTitle "playchess.com"]
[Source "ChessBase"]
[SourceQuality "1"]

{[%evp 11,117,23,53,52,77,83,76,67,63,42,78,75,111,75,106,102,75,61,48,57,98,84,167,174,234,226,256,262,284,285,285,267,341,341,315,307,483,261,425,197,292,277,258,212,335,180,166,160,170,163,154,159,215,223,356,328,277,143,135,30,145,116,148,142,177,85,89,0,206,200,328,319,347,348,345,276,276,114,201,197,170,143,132,29,108,17,275,265,260,211,204,174,514,478,660,663,771,729,921,918,29980,29981,29981,29982,29991,29992,29992,29993]} 1. d4 Nf6 2. c4 Nc6 3. Nf3 d6 4. Nc3 e5 5. e3 {[%cal Be2e3,Be3d4,Bd4d5][%mdl 32]} exd4 6. exd4 {A28: English Opening: Four Knights Variation} Bg4 {LiveBook: 5 Games} (6... d5 7. Bg5 dxc4 8. Bxc4 Qe7+ 9. Be2 Bg4 10. O-O O-O-O 11. d5 h6 12. Be3 Be6 13. dxc6 Rxd1 14. Rfxd1 {1-0 (36) Jones,G (2659)-Daskalov,D (2310) England 2017}) 7. Be3 Be7 8. h3 {White is better.} Bh5 9. g4 Bg6 10. d5 Nb8 $146 ({Predecessor:} 10... Ne5 11. Nxe5 dxe5 12. Bg2 Nd7 {1-0 (58) Hristodorescu,D (2257)-Ionescu,M (2338) Sovata 2001}) 11. Bd3 a5 12. Nd4 Nfd7 13. f4 $36 {[%mdl 2048] Black is under strong pressure.} Bh4+ 14. Ke2 {[%cal Be1e2,Be2d3,Bd3c2][%mdl 32]} Bxd3+ $1 15. Kxd3 Nc5+ 16. Kc2 {Threatens to win with g5.} h6 (16... Bf6 $16) 17. Nf5 $18 {Black must now prevent Bxc5.} g6 (17... Bf6 $142 18. Bxc5 dxc5 19. Re1+ Kf8) 18. Bd4 Bf6 19. Re1+ $1 Kd7 20. g5 $1 Bxd4 21. Nxh6 (21. Nxd4 Kc8 $16) 21... Qf8 {...Bg7 is the strong threat.} 22. Qxd4 Nba6 {If only Black now had time for ...Nb4+....} 23. a3 a4 (23... Re8 {was necessary.} 24. f5 Kc8) 24. Rad1 (24. f5 $142 Nb3 25. Qg4 Nxa1+ 26. Rxa1) 24... Re8 $2 (24... f5 25. h4 Kc8) 25. Qg1 (25. f5 $142 Kc8 26. Qf6) 25... Kc8 (25... f6 $142 26. Rxe8 Kxe8) 26. Rxe8+ Qxe8 27. Re1 Qf8 (27... Qd7 {is a better defense.} 28. Qg4 Kd8) 28. Ng4 (28. Qd4 $142) 28... Kb8 29. Nf6 {aiming for Re8+.} Qc8 30. Qg4 Qxg4 31. hxg4 Rh2+ (31... b6 $16 32. f5 Nb3) 32. Re2 Rh1 (32... Rxe2+ $142 33. Nxe2 Kc8) 33. Nb5 {[%cal Re2e8]} b6 34. Nd4 (34. Re8+ $18 Kb7 35. Re7) 34... Kb7 {[#]} 35. Kd2 ({White should try} 35. f5 $1 $16) 35... Rh3 {[#]} (35... Nb3+ $11 36. Nxb3 axb3) 36. Re3 $1 $16 {[%cal Re3h3]} Rh2+ 37. Kc3 Rh1 {intending ...Rc1+.} 38. Kc2 (38. Nc6 $18) 38... Rh2+ 39. Re2 (39. Ne2 $16) 39... Rh3 $2 (39... Rh1 $11 {and Black stays safe.}) 40. Nb5 Rf3 (40... Nd3 $142 41. Re7 Kc8) 41. Re7 $18 Rxf4 42. Nxd6+ ({Weaker is} 42. Rxf7 Kc8 $16) 42... Kb8 43. Re8+ ({Worse is} 43. Rxf7 Rf2+ 44. Kd1 cxd6 $11) 43... Ka7 44. Nde4 (44. Nxf7 $18 {is more deadly. And now Ne5 would win.} Rxc4+ 45. Kd2) 44... Nxe4 (44... Kb7 $16) 45. Rxe4 $16 {[%mdl 4096] Endgame KRN-KRN} ({Stronger than} 45. Nxe4 Nc5 $11) 45... Rf2+ 46. Kc3 Nc5 {Strongly threatening ...Rxf6.} 47. Re3 (47. Re7 $16) 47... Rf1 (47... Kb8 $11 {keeps the balance.}) 48. Ne4 (48. Re7 $16) 48... Rc1+ $2 {[%mdl 8192]} (48... Rf4 $1 $11 {and Black has nothing to worry.} 49. Nxc5 bxc5) 49. Kb4 $18 Na6+ 50. Kxa4 {Hoping for Kb5.} Rxc4+ 51. Kb5 Rd4 $2 (51... Rc2 {is more resistant.}) 52. Nf6 Nc5 53. Kc6 Na6 54. b4 {[%cal Bb2b4,Bb4b5][%mdl 32]} Rd1 55. Kd7 c5 56. b5 {White mates.} Nb8+ 57. Kc8 c4 58. Re7+ Ka8 59. Rb7 {Precision: White = 51%, Black = 21%.} 1-0

[Event "RUS-chT Premier League Women 2018"]
[Site "Sochi"]
[Date "2018.05.09"]
[Round "8"]
[White "Ovod, Evgenija"]
[Black "Mironenko, Galina"]
[Result "0-1"]
[WhiteElo "2371"]
[BlackElo "2007"]
[Annotator "TA"]
[PlyCount "108"]
[EventDate "2018.??.??"]
[EventCountry "RUS"]
[SourceTitle "playchess.com"]
[Source "ChessBase"]
[SourceQuality "1"]

{[%evp 16,108,59,58,80,75,89,87,96,66,112,86,96,91,93,90,87,85,87,90,113,116,109,92,106,103,102,83,97,72,84,100,118,131,198,187,214,157,245,228,229,235,225,193,185,98,158,148,217,112,115,81,69,52,85,69,76,68,116,103,112,100,279,287,284,0,0,0,0,-351,-351,-406,-406,-406,-406,-392,-388,-1102,-1102,-12168,-10888,-5106,-721,-29944,-29938,-29965,-29966,-29975,-29976,-29966,-29967,-29989,-29990,-29998,-29999]} 1. Nf3 Nc6 2. d4 Nf6 3. d5 Nb8 4. c4 g6 5. Nc3 d6 6. h3 Bg7 7. e4 O-O 8. Bd3 {E90: King's Indian: Classical: Early deviations and 6 h3} c6 9. O-O {LiveBook: 18 Games} Nfd7 (9... e6 10. Bg5 h6 11. Bh4 cxd5 12. cxd5 exd5 13. exd5 Qa5 14. Qd2 Nxd5 15. Nxd5 Qxd5 {½-½ (58) Akobian,V (2640)-Grigoryan,K (2571) chess.com INT 2018}) 10. Be3 $146 {White is better.} ({Predecessor:} 10. Bf4 cxd5 11. exd5 Ne5 12. Nxe5 dxe5 {1-0 (52) Rodriguez Sorribes,J (2267)-Saez Coma,A (2175) Castell de Tona 2012}) 10... a5 11. Qd2 Na6 12. Rac1 Qe8 13. Nd4 Ndc5 14. Bb1 e5 15. dxe6 Bxe6 16. Nce2 a4 17. Bh6 ({Much worse is} 17. Nxe6 Qxe6 18. f3 Rfe8 $11) 17... Rd8 18. Bxg7 Kxg7 19. f4 Bc8 20. Nc3 (20. Rce1 {is more complex.} Kg8 21. Bc2 Qe7 22. f5 Qe5 23. a3) 20... Nc7 21. b4 axb3 22. axb3 f6 23. b4 N5e6 24. Nf3 Rf7 (24... Na6 $16) 25. Rcd1 Rfd7 26. Ne2 b5 (26... d5 $16 27. cxd5 Kg8) 27. f5 $18 Nf8 28. Ned4 Bb7 29. cxb5 Nxb5 30. Rfe1 (30. Nxb5 $18 cxb5 31. fxg6) 30... Nc7 ({Better is} 30... Nxd4 31. Qxd4 (31. Nxd4 c5 $16) 31... Qe7) 31. Qc3 Re7 (31... Nb5 $16 32. Nxb5 cxb5) 32. Rc1 ({White should play} 32. g4 $18) 32... Nb5 $16 33. Qb2 Nxd4 34. Qxd4 c5 35. bxc5 dxc5 36. Qxc5 {And now Qb4 would win.} Rc8 37. Qb4 {Black must now prevent e5!} Rxc1 38. Rxc1 gxf5 $2 (38... Rd7 $16 {was necessary.}) 39. Nh4 $1 $18 {[%cal Rh4f5]} ({Less strong is} 39. exf5 Bxf3 40. gxf3 h6 $16) 39... Bxe4 {[#]} 40. Bxe4 $2 ({Weaker is} 40. Nxf5+ Bxf5 41. Bxf5 Ng6 $14) (40. Rc8 $1 $18 {[%cal Rc8e8][%mdl 512]} Qd7 (40... Qxc8 41. Qxe7+) 41. Bxe4 (41. Nxf5+ Bxf5 42. Bxf5 Qd1+ 43. Kh2 Qe2 $14) 41... fxe4 {[#]} 42. Nf5+ $1 {[%mdl 512]} Kf7 43. Nxe7 Qa7+ 44. Kf1 Qxe7 45. Qc4+ Ne6 46. Qxe4) 40... Rxe4 $11 41. Nxf5+ Kg6 42. Nh4+ $2 {[%mdl 8192] [#]} (42. Qa5 $11 {and White stays safe.}) 42... Rxh4 $1 $19 {[%mdl 512]} 43. Qxh4 {[%mdl 4096] Endgame KQR-KQN} Qe3+ 44. Kh2 {aiming for Re1.} Qxc1 45. Qe4+ Kh6 46. h4 $2 (46. Qf3) 46... Ng6 47. g3 Qd2+ 48. Kh3 Qd7+ 49. Kh2 Ne5 {Black mates.} 50. Qe3+ Kg7 51. Qc5 Ng4+ 52. Kg2 Qd2+ 53. Kf3 Ne5+ 54. Ke4 Qd3+ {Precision: White = 41%, Black = 45%.} 0-1

[Event "RUS-chT Premier League Women 2018"]
[Site "Sochi"]
[Date "2018.05.09"]
[Round "8"]
[White "Kovanova, Baira"]
[Black "Baiburina, Kamilla"]
[Result "1-0"]
[WhiteElo "2358"]
[BlackElo "1860"]
[Annotator "TA"]
[PlyCount "53"]
[EventDate "2018.??.??"]
[EventCountry "RUS"]
[SourceTitle "playchess.com"]
[Source "ChessBase"]
[SourceQuality "1"]

{[%evp 15,53,9,20,-20,5,-48,-8,-78,-33,-48,88,78,69,69,70,75,191,195,168,103,195,177,258,230,374,365,355,355,369,369,473,152,338,333,290,254,761,753,744,737]} 1. e4 e5 2. Nf3 Nf6 3. Nxe5 d6 4. Nf3 Nxe4 5. Nc3 Nxc3 6. dxc3 Be7 7. Be3 O-O 8. Bd3 {C42: Petroff Defence: 3 Nxe5 and unusual White 3rd moves} (8. Qd2 Nd7 9. O-O-O c6 10. Kb1 d5 11. c4 Nb6 12. cxd5 Nxd5 13. Bc4 Bf5 14. Bxd5 cxd5 15. Qxd5 Qc8 {0-1 (39) Robson,R (2660)-Caruana,F (2804) Saint Louis 2018}) 8... Nd7 {LiveBook: 13 Games} 9. h4 Nf6 10. Ng5 (10. Qd2 $11) 10... c6 $146 ({Predecessor:} 10... h6 11. Qf3 d5 12. Kd2 hxg5 13. hxg5 Ne4+ 14. Ke2 Bxg5 15. Qh5 f5 16. Qh7+ Kf7 17. Bd4 Nf6 {0-1 (17) Drinoczi,P (2112)-Papp,N (2128) Hungary 2006}) 11. Qe2 (11. Qd2 $11) 11... d5 12. O-O-O b5 (12... Re8 $15 {stays ahead.}) 13. Bd4 $16 h6 14. Bxf6 Bxf6 15. Nh7 $36 {[%mdl 2048] White has strong initiative.} Re8 (15... Qd6 $16) 16. Nxf6+ $18 gxf6 {[#]} 17. Qf3 ({White should try} 17. Qd2 $1 $18 {[%cal Rd2h6]} Kg7 18. Rde1) 17... Be6 (17... Qd6 $16) 18. Rde1 {[%cal Bd1e1,Be1e3,Be3g3][%mdl 32]} Kg7 {[#]} (18... Bd7 {might work better.} 19. Kd2 Re6) 19. Qg3+ $1 Kh8 (19... Kf8 $142 20. Qf4 h5 21. Qh6+ Ke7 22. Qxh5 Rh8) 20. Qf4 Kg7 21. Re3 Rh8 22. Rhe1 {Threatens to win with Rg3+.} h5 23. Qb4 $2 (23. Qg3+ $18 {is the precise move to win.} Kf8 24. Rxe6 fxe6 25. Rxe6) 23... Rg8 $2 (23... Re8 $16 {was worth a try.} 24. Be2 Qc7 25. Bxh5 a5) 24. Rg3+ Bg4 25. Bf5 {Hoping for Qf4.} Re8 $2 (25... Qc7 26. Re7 Qxg3 27. fxg3 Bxf5) 26. Rxe8 Qxe8 27. Bxg4 {Precision: White = 58%, Black = 14%.} 1-0

[Event "RUS-chT Premier League Women 2018"]
[Site "Sochi"]
[Date "2018.05.09"]
[Round "8"]
[White "Balaian, Alina"]
[Black "Nasybullina, Dayana"]
[Result "1-0"]
[WhiteElo "2228"]
[BlackElo "1801"]
[Annotator "TA"]
[PlyCount "71"]
[EventDate "2018.??.??"]
[EventCountry "RUS"]
[SourceTitle "playchess.com"]
[Source "ChessBase"]
[SourceQuality "1"]

{[%evp 9,71,-15,-29,-20,-18,-24,10,-12,-12,-18,-8,-27,-37,-25,-25,-45,-29,-43,-11,-19,-27,-30,-39,-33,-8,-46,-30,-37,-30,-55,-20,-31,-22,-22,-25,-39,32,-47,-31,-56,-14,-87,0,0,83,93,170,197,642,637,623,634,431,593,441,447,1265,1227,1824,1835,1774,1697,1212,1154]} 1. e4 c6 2. d4 d5 3. f3 e6 4. Be3 dxe4 (4... Qb6 5. Nd2 Qxb2 6. Bd3 Qa3 7. Nh3 b6 8. O-O Ba6 9. Nf2 Bb4 10. Rb1 Bxd2 11. Qxd2 Ne7 12. Rb3 Qd6 13. Ng4 Bxd3 14. Rxd3 Qd8 15. Bh6 Rg8 {½-½ (15) Ivanisevic,I (2634)-Parligras,M (2633) Kozloduy 2012}) 5. fxe4 Qh4+ 6. g3 {B12: Caro-Kann: Advance Variation} Qxe4 7. Qe2 Qd5 8. Bg2 {The position is equal.} Qa5+ 9. Nd2 Nf6 10. Nh3 $146 ({Predecessor:} 10. Ngf3 Nbd7 11. O-O Be7 12. Nc4 {1-0 (31) Lukinov,D (2141)-Dorohin,M (2252) Ilichevsk 2006}) 10... Be7 11. O-O O-O 12. c4 Nbd7 13. g4 {[%cal Bg3g4,Bg4g5][%mdl 32]} c5 14. g5 Ne8 15. Nb3 Qc7 16. Rad1 a5 17. dxc5 Nxc5 18. Nd4 Bd7 19. b3 e5 20. Nf5 Bxf5 21. Rxf5 g6 22. Rff1 $1 Ng7 (22... a4 $15) 23. Bc1 ({Better is} 23. Nf4 $1 $14 exf4 24. Bxf4) 23... Nf5 24. Rd5 Bd6 25. Bb2 (25. Nf2 $11) 25... Rfe8 (25... e4 $1 $17 26. Kh1 Rae8 27. Rxd6 Qxd6) 26. Nf2 $1 $11 {[%cal Bh3f2,Bf2g4,Bg4h6][%mdl 32]} Nd4 (26... h5 $11 27. gxh6 Nxh6) 27. Qd2 $16 {Hoping for Ng4.} Nce6 {[#]} (27... h5 $16 {might work better.}) 28. Ng4 $1 $18 {[%cal Rg4h6]} Red8 $2 (28... Kf8 29. Nf6 Re7) 29. Nh6+ {White is clearly winning.} Kg7 30. Rxf7+ Qxf7 31. Nxf7 Kxf7 32. Qf2+ Nf4 (32... Nf5 $142 33. Bxe5 Bxe5) 33. Bxd4 exd4 {[#]} 34. Rxd6 $1 {[%mdl 512]} Rxd6 35. Qxf4+ Ke7 36. Qe5+ {Precision: White = 36%, Black = 30%.} 1-0